| 000 | 00451nam a22001457a 4500 | ||
|---|---|---|---|
| 003 | OSt | ||
| 005 | 20250514113638.0 | ||
| 008 | 240812b |||||||| |||| 00| 0 eng d | ||
| 020 | _a9789588877556 | ||
| 040 | _cCO-JMCR | ||
| 082 |
_a728.37 _223 _bH430c |
||
| 245 |
_aLa casa de la esquina mayor : _bcasa de la Secretaría de Cultura, Recreación y Deporte de Bogotá / _cRubén Hernández Molina. |
||
| 300 |
_a119 páginas ; _c16 cm. |
||
| 942 |
_2ddc _cBK |
||
| 999 |
_c30802 _d17186 |
||